|
|
|
|
| LEADER |
01339nam a2200289 4500 |
| 001 |
40366 |
| 003 |
BD-DhAAL |
| 005 |
20230330130645.0 |
| 008 |
230330b2003 bg ||||| b||| 00| 0 ben d |
| 020 |
|
|
|a 9789849048664
|
| 040 |
|
|
|a BD-DhAAL
|d BD-DhAAL
|
| 041 |
|
|
|a ben
|
| 082 |
|
|
|a 338.95492
|2 22
|
| 100 |
|
|
|a হোসেন, মাহবুব
|
| 245 |
|
|
|a গল্পে গল্পে অর্থনীতি /
|c মাহবুব হোসেন ও আবদুল বায়েস
|
| 260 |
|
|
|a ঢাকা :
|b এ এইচ ডেভেলপমেন্ট পাবলিশিং হাউজ,
|c ২০১৩
|
| 300 |
|
|
|a ২৮৯ পৃষ্ঠা :
|c ২৪ সে. মি.
|
| 500 |
|
|
|a নির্ঘণ্ট অন্তর্ভুক্ত।
|
| 541 |
|
|
|a Donated By Akbar Ali Khan
|e 40366
|
| 650 |
|
|
|a Economic assistance
|z Bangladesh.
|
| 651 |
|
|
|a Bangladesh
|x Economic conditions.
|
| 651 |
|
|
|a Bangladesh
|x Economic conditions.
|
| 700 |
|
|
|a বায়েস, আবদুল
|
| 852 |
|
|
|a Ayesha Abed Library
|c Akbar Ali Khan Collection
|
| 942 |
|
|
|2 ddc
|c BK
|
| 999 |
|
|
|c 45642
|d 45642
|
| 952 |
|
|
|0 0
|1 0
|2 ddc
|4 0
|6 338_954920000000000_HOS
|7 1
|9 73484
|a BRACUL
|b BRACUL
|c AAKC
|d 2023-03-30
|e Donated by Akbar Ali Khan
|g 600.00
|l 0
|o 338.95492 HOS
|p 3010040366
|r 2023-03-30
|t 1
|v 600.00
|w 2023-03-30
|y BK
|x Price available in book
|